|
|
|
|
| LEADER |
00837nam a2200241 a 4500 |
| 001 |
GR-MES6836 |
| 008 |
000412s enk 000 0 gre d |
| 020 |
|
|
|a 0340536985
|
| 040 |
|
|
|a GrPaTEI
|b gre
|c GR-PaULI
|
| 040 |
|
|
|a GrPaTEI
|b gre
|c GR-PaULI
|
| 245 |
0 |
0 |
|a Developing reading 3-13 /
|c Roger Beard.
|
| 250 |
|
|
|a 2η
|
| 260 |
|
|
|a London :
|b Hodder and Stoughton,
|c 1987
|
| 300 |
|
|
|a 314 σελ.
|
| 500 |
|
|
|a βιβλιογραφία:σελ(296-311)
|
| 650 |
|
4 |
|a ΑΝΑΓΝΩΣΗ
|
| 650 |
|
4 |
|a ΓΛΩΣΣΑ
|
| 650 |
|
4 |
|a ΠΑΙΔΙΑ
|
| 700 |
0 |
|
|a BEARD,R
|
| 942 |
|
|
|2 ddc
|
| 952 |
|
|
|0 0
|1 0
|2 ddc
|4 0
|6 428_430000000000000_BEA
|7 0
|9 277169
|a MSLG
|b MSLG
|c BSC
|d 2021-01-17
|e 24
|f 0
|g 0.00
|l 0
|o 428.43 BEA
|p 2420000015970
|r 2021-01-17 00:00:00
|t 1
|w 2021-01-17
|y BK15
|x 20000412 0 1
|x GrPaTEI
|
| 971 |
|
|
|a .b25853053
|b 15-04-20
|c 14-09-16
|
| 999 |
|
|
|c 160999
|d 160999
|